LEADER 01242nam a2200301 u 4500 001 000000039031 003 CaOOAMICUS 005 20070226113937.0 008 980430s1989 it u000 u ita u 020 $a8815029826 035 $a10793233 040 $aIAR$bita$dPUL(R)$dEFR 100 1 $aMerlo, Grado Giovanni,$d1945-$0(OLS)http://pul/name/16717 245 10$aEretici ed eresie medievali /$cGrado G. Merlo. 260 $aBologna :$bIl Mulino,$c1989. 300 $a145 p. ;$c21 cm 490 1 $aUniversale paperbacks Il Mulino ;$v230 500 $aContiene indice. 504 $aBibliografia: p. 129-137. 650 4$aEresie ed eretici$zItalia$yEvo medio.$0(OLS)http://pul/subject/13925 650 4$aEresie ed eretici$xStoria$yEvo medio.$0(OLS)http://pul/subject/6785 830 0$aUniversale paperbacks Il Mulino ;$v230.$0(OLS)http://pul/title/190 850 $aPUL 852 $aPUL$W1$xDP2 Religione 1$y63$m74 F 14$j53110$nBK-PRI$qStampati$B53110$CPULBib$Z2$F53110 $H65734 $82 941 1 $a8 996 $6020$a8815029826$9(OLS)http://pul/number/48588 996 $6245$aEretici ed eresie medievali$9(OLS)http://pul/title/52886 996 $6260$aBologna :$bIl Mulino$9(OLS)http://pul/publisher/47928 LEADER 01237nam a2200301 u 4500 001 000000063797 003 CaOOAMICUS 005 20070226121303.0 008 011107s1974 fr u000 u fre u 035 $a10909126 040 $aPUL(R)$bita 100 1 $aFraisse, Jean-Claude.$0(OLS)http://pul/name/43225 245 10$aPhilia :$bla notion d'amitié dans la philosophie antique. /$cpar Jean-Claude Fraisse. 260 $aParis :$bJ. Vrin,$c1974. 300 $a504 p. ;$c22 cm 500 $aComprende indici. 500 $aIn testa al front.: "Université de Paris IV". 502 $aThèse -- Université de Paris IV. 504 $aBibliografia: p. 479-489. 650 4$aAmicizia.$0(OLS)http://pul/subject/8340 650 4$aFilosofia antica.$0(OLS)http://pul/subject/205 710 2 $aUniversité de Paris IV: Paris-Sorbonne.$0(OLS)http://pul/name/9336 850 $aPUL 852 $aPUL$W1$xSL Filosofia 1$y2$m81 H 53$j82745$nBK-PRI$b $qStampati$B82745$CPULBib$Z2$F82745 $H $81 941 1 $a8 961 $aINV: 41859 996 $6245$aPhilia :$bla notion d'amitié dans la philosophie antique.$9(OLS)http://pul/title/85047 996 $6260$aParis :$bJ. Vrin$9(OLS)http://pul/publisher/48393